|
|
|
|
| LEADER |
00000nam0a2200000 4500 |
| 001 |
146123 |
| 005 |
20231031144510.0 |
| 010 |
|
|
|a 5745802952
|
| 020 |
|
|
|a RU
|b 92-2104
|
| 035 |
|
|
|a (RuTPU)RU\TPU\book\158388
|
| 090 |
|
|
|a 146123
|
| 100 |
|
|
|a 20081027d1991 m y0rusy5003 ca
|
| 101 |
0 |
|
|a rus
|
| 102 |
|
|
|a RU
|
| 105 |
|
|
|a a z 000ay
|
| 200 |
1 |
|
|a Неуловимые пределы
|e Рассказы о природе
|f В. В. Одинцов
|
| 210 |
|
|
|a Воронеж
|c Центрально-Черноземное кн. изд-во
|d 1991
|
| 215 |
|
|
|a 155,[2] с.
|c ил.
|d 17 см
|
| 333 |
|
|
|a Исключено из фонда НТБ ТПУ
|
| 700 |
|
1 |
|a Одинцов
|b В. В.
|g Виктор Владимирович
|4 070
|
| 801 |
|
0 |
|a RU
|b RuMRKP
|c 19950417
|g psbo
|
| 801 |
|
1 |
|a RU
|b 63413507
|c 20081027
|g PSBO
|
| 801 |
|
2 |
|a RU
|b 63413507
|c 20170517
|g PSBO
|
| 942 |
|
|
|c BK
|